Statistics for Guess The Band - By Picture

Click here to take the quiz!

General Stats

  • This quiz has been taken 3,583 times
  • The average score is 8 of 18

Answer Stats

Answer% Correct
The Beatles
92%
Kiss
74%
Jackson 5
72%
Jonas Brothers
72%
Queen
71%
ABBA
65%
Spice Girls
54%
Destiny's Child
51%
Fifth Harmony
51%
The Rolling Stones
45%
Backstreet Boys
39%
Maroon 5
39%
Foo Fighters
31%
Imagine Dragons
26%
OneRepublic
23%
Westlife
8%
Hanson
3%
Gaither Vocal Band
1%

Score Distribution

Percentile by Number Answered

Percent of People with Each Score

Your Score History

You have not taken this quiz